| 000 | 01139nam0a22002891 4500 | ||
|---|---|---|---|
| 001 | RU\INFOCOMM_318\NLR\5000083686 | ||
| 005 | 20250613102842.0 | ||
| 035 | _a(NLR Aleph) 009452845 | ||
| 090 |
_a8416943 _c8416943 |
||
| 100 | _a20121204d1934 |||y0rusy50 ca | ||
| 101 | 0 | _ager | |
| 102 | _aRU | ||
| 105 | _ay z ||||| | ||
| 200 | 1 |
_aWie ist in der Wirtschaft des Kollektivisten die Kuh zu pflegen und das Kalb aufzuziehen _fKalnin J. P., Shack M. K. |
|
| 210 |
_aRostow-Don _c"Asowo-Tschernomorskoje krajewoje Knigoisdateljstwo" _d1934 |
||
| 215 |
_a48 с. _cил. _d21 см |
||
| 300 | _aНа 4-й с. обл. Кальнин Я. П. и Жак М. К. Как содержать корову и вырастить теленка в подсобном хозяйстве колхозника | ||
| 620 | _aРостов на Дону | ||
| 686 |
_aС20-150 _2rubbk |
||
| 700 | 1 |
_aKalnin _bJ. P. _gJan Petrovič |
|
| 701 | 1 |
_9z01790 _aŽak _bM. K. _gMeer Konstantinovič |
|
| 790 | 1 |
_9z01701 _aShack _bM. K. _4070 |
|
| 801 | 1 |
_aRU _bNLR _c20121204 |
|
| 801 | 0 |
_aRU _bINFOCOMM _gPSBO |
|
| 852 |
_aNLR _jD-10/181 _y2 экз. |
||
| 942 | _cBOOK | ||
| 980 | _aNB | ||